000 00442nam a22001817a 4500
003 CEME
005 20210628203559.0
008 210201b xxu||||| |||| 00| 0 eng d
020 _a969-35-0984-6
040 _c.
082 _a910.4 INT
100 _aIntizar Hussain
_99473
245 _aNaey shehar purani bastian
260 _aLAHORE
_bSANG-E-MEEL
_c1999
300 _a168P
650 _aURDU ADAB-SAFAR NAMA
_966376
942 _cBK
_2ddc
999 _c574349
_d574349